| 000 | 01028nam a2200241 i 4500 | ||
|---|---|---|---|
| 001 | 43099 | ||
| 003 | ES-MaACL | ||
| 005 | 20230906160731.0 | ||
| 007 | t| | ||
| 008 | 030314s1876 sp ||||1| spa d | ||
| 100 | 1 |
_aCenteno, José. _937417 |
|
| 245 | 1 | 0 |
_aMemoria geológico-minera de las Islas Filipinas _b: publicada de Real orden / _cescrita por José Centeno y García. |
| 260 |
_aMadrid : _bM. Tello, _c1876. |
||
| 300 |
_aVIII, 61 p., 1 h. pleg. de mapa ; _c23 cm. |
||
| 530 | _aDisponible también en sitio web. | ||
| 594 | _aPrecede al título: Ministerio de Ultramar. | ||
| 650 | 4 |
_aGeología- _zFilipinas. _9149085 |
|
| 650 | 4 |
_aMineralogía- _zFilipinas. _9149086 |
|
| 852 |
_aES-MaACL _jT-552-F-10 |
||
| 852 |
_aES-MaACL _jT-1105-F-9 _z.- Legado Federico de Botella y de Hornos |
||
| 852 |
_aES-MaACL _jT-205-F-25 _z.- Enc. en un vol. facticio falto de la cub. original |
||
| 856 |
_uhttp://bibliotecadigitalhispanica.bne.es:80/webclient/DeliveryManager?pid=1679775&custom_att_2=simple_viewer _zIr a la página |
||
| 999 |
_c43099 _d43099 |
||